| 000 | 00810nam a22002417a 4500 | ||
|---|---|---|---|
| 003 | UA-OsUOA | ||
| 001 | 21910 | ||
| 007 | ta | ||
| 008 | 20031215b un ||||| |||| 00| 0 ukr d | ||
| 090 |
_a025.4 _bБ59 |
||
| 942 | _cBK | ||
| 040 |
_aUA-OsUOA _brus _cUA-OsUOA _dUA-OsUOA |
||
| 245 |
_aБиблиотечно-библиографическая классификация _bТаблицы для краеведческих каталогов библиотек _cРед. Н.П.Журжалина, канд. ист. наук570 Конс. Н.Н.ЩербаРед. С.П.Иванова |
||
| 300 | _a323 с. | ||
| 955 | _a0 | ||
| 041 | _arus | ||
| 080 | _a025.4 | ||
| 020 | _a5-7000-0078-4 | ||
| 260 |
_aМосква _bКнижная палата _c1989 |
||
| 044 | _aRU | ||
| 650 | 7 | _2UDC | |
| 999 |
_c308120 _d308120 |
||